[Event "Superettan(Orebro-Wasa)"]
[Site "?"]
[Date "2010.11.13"]
[Round "2"]
[White "Iwraeus, Love"]
[Black "Safholm, Sten"]
[Result "1-0"]
[WhiteElo "1888"]
[BlackElo "2043"]
[PlyCount "75"]

1. b3 d5 2. Bb2 e6 3. e3 c5 4. Nf3 Nc6 5. Bb5 Bd7 6. O-O Nf6 7. d3 Be7 8. Nbd2
O-O 9. e4 Nb8 10. Bxd7 Nbxd7 11. exd5 exd5 12. Re1 Re8 13. Nf1 Bd6 14. Qd2 Qc7
15. Ng3 Bf4 16. Rxe8+ Rxe8 17. Qd1 d4 18. c3 dxc3 19. Bxc3 Nd5 20. Bb2 b5 21.
Nh5 Bh6 22. Ng3 g6 23. Ne4 Qc6 24. a4 a6 25. axb5 axb5 26. Ra7 f5 27. Ng3 Bg7
28. Bxg7 Kxg7 29. Qa1+ Kg8 30. h4 Nc7 31. h5 Ra8 32. h6 Kf8 33. Qh8+ Ke7 34.
Qxh7+ Ke8 35. Qg8+ Nf8 36. Rxa8+ Qxa8 37. h7 Qa1+ 38. Nf1 1-0

[Event "Superettan(Majorna-Team Malmo)"]
[Site "?"]
[Date "2010.11.14"]
[Round "2"]
[White "Tairi, Faruk"]
[Black "Enstrom, Henrik"]
[Result "1-0"]
[WhiteElo "2453"]
[BlackElo "2226"]
[PlyCount "59"]
[EventDate "2010.??.??"]

1. e4 d6 2. d4 Nf6 3. Nc3 g6 4. f4 Bg7 5. Nf3 c5 6. Bb5+ Bd7 7. e5 Ng4 8. Bxd7+
Qxd7 9. d5 dxe5 10. h3 e4 11. hxg4 exf3 12. Qxf3 Na6 13. Bd2 O-O-O 14. O-O-O
Nc7 15. Be1 f5 16. gxf5 gxf5 17. Kb1 e6 18. Bh4 Rdg8 19. d6 Na6 20. Qd3 h6 21.
Qc4 Rh7 22. Nb5 Kb8 23. Rhe1 Re8 24. Be7 Bh8 25. Nc7 Rhxe7 26. Nxa6+ bxa6 27.
dxe7 Qxe7 28. Qxa6 Qb7 29. Qxb7+ Kxb7 30. Rd7+ 1-0

[Event "Superettan(Majorna-Team Malmo)"]
[Site "?"]
[Date "2010.11.14"]
[Round "2"]
[White "Kall, Anders"]
[Black "Johansson, Thomas"]
[Result "0-1"]
[WhiteElo "2216"]
[BlackElo "2255"]
[PlyCount "76"]
[EventDate "2010.??.??"]

1. e4 Nf6 2. e5 Nd5 3. d4 d6 4. c4 Nb6 5. exd6 cxd6 6. Nc3 g6 7. Be3 Bg7 8. Nf3
O-O 9. Be2 Bg4 10. Rc1 Nc6 11. b3 d5 12. c5 Nc8 13. O-O e6 14. b4 a6 15. Qd2
Bxf3 16. Bxf3 N8e7 17. Ne2 Nf5 18. Rb1 h6 19. Rfd1 Qf6 20. a4 Rfd8 21. b5 axb5
22. axb5 Na5 23. Rdc1 Kh7 24. Rc3 Nh4 25. Bf4 Nc4 26. Qc1 Ra2 27. Kf1 g5 28.
Rxc4 dxc4 29. Be4+ Kg8 30. Be3 Nf5 31. Bxb7 Rc2 32. c6 Rxc1+ 33. Bxc1 Nd6 34.
Ba6 Qf5 35. Rb2 c3 36. Nxc3 Qd3+ 37. Ke1 Qxc3+ 38. Kd1 Nc4 0-1

[Event "Superettan(Majorna-Team Malmo)"]
[Site "?"]
[Date "2010.11.14"]
[Round "2"]
[White "Malmqvist, Glenn"]
[Black "Panas, Itai"]
[Result "1-0"]
[WhiteElo "2226"]
[BlackElo "2182"]
[PlyCount "113"]

1. d4 Nf6 2. c4 g6 3. Nc3 d5 4. Nf3 Bg7 5. Qb3 c6 6. Bg5 dxc4 7. Qxc4 Bf5 8.
Qb3 Qb6 9. Qa3 Qa6 10. Qb3 Qb6 11. Nd2 Be6 12. Qxb6 axb6 13. e4 b5 14. d5 Bd7
15. Be2 b4 16. dxc6 bxc6 17. Nd1 Be6 18. f3 Nbd7 19. Bc4 Nc5 20. Ke2 Nfd7 21.
Be3 Bxc4+ 22. Nxc4 Nb3 23. Rb1 Rxa2 24. Nf2 Nd4+ 25. Kd2 Nc5 26. e5 Nde6 27.
Nd3 Nxd3 28. Kxd3 O-O 29. Kc2 Rd8 30. Kb3 Raa8 31. Kxb4 Rd5 32. f4 Rb8+ 33. Kc3
f6 34. Rhd1 fxe5 35. fxe5 Bxe5+ 36. Nxe5 Rxe5 37. Bf2 Ng5 38. Re1 Rbb5 39. Bd4
Re4 40. h4 Rxh4 41. Rxe7 Ne4+ 42. Kc2 Nd6 43. Bc3 Nf5 44. Rc7 Rg4 45. Ra1 Rxg2+
46. Kd3 Rd5+ 47. Ke4 Re2+ 48. Kf3 Re8 49. Raa7 Rf8 50. Rxc6 Nd6+ 51. Kg2 Rg5+
52. Kh1 Nf5 53. Rcc7 Ng3+ 54. Kh2 Rf2+ 55. Kh3 Rh2+ 56. Kxh2 Nf1+ 57. Kh1 1-0

[Event "Superettan(Majorna-Team Malmo)"]
[Site "?"]
[Date "2010.11.14"]
[Round "2"]
[White "Strom, Leif"]
[Black "Rasmussen, Rogvi"]
[Result "1-0"]
[WhiteElo "2113"]
[BlackElo "2225"]
[PlyCount "83"]
[EventDate "2010.??.??"]

1. c4 Nf6 2. g3 g6 3. Bg2 Bg7 4. Nc3 O-O 5. d3 c5 6. e4 Nc6 7. Nge2 d6 8. h3
Ne8 9. O-O Nc7 10. f4 Ne6 11. Be3 Ned4 12. g4 e6 13. Ng3 f5 14. exf5 exf5 15.
g5 Be6 16. Qd2 Qd7 17. Rae1 Nb4 18. Bxd4 Bxd4+ 19. Kh2 Bf7 20. a3 Nc6 21. Nd5
Rfe8 22. b4 Bg7 23. Ne2 Nd4 24. Nxd4 Bxd4 25. b5 Kg7 26. Nf6 Bxf6 27. gxf6+ Kg8
28. Qf2 h6 29. Qh4 Kh7 30. Re7 Rxe7 31. fxe7 Re8 32. Re1 Kg7 33. a4 d5 34. Qf2
Rxe7 35. cxd5 b6 36. Qb2+ Kg8 37. Re5 g5 38. Qe2 Rxe5 39. Qxe5 gxf4 40. d6 Be6
41. Bc6 Qf7 42. d7 1-0

[Event "Superettan(Majorna-Team Malmo)"]
[Site "?"]
[Date "2010.11.14"]
[Round "2"]
[White "Lindahl, Jonas"]
[Black "Bende, Tobias"]
[Result "1-0"]
[WhiteElo "2250"]
[BlackElo "2106"]
[PlyCount "97"]
[EventDate "2010.??.??"]

1. e4 c5 2. c3 d5 3. exd5 Qxd5 4. d4 Nf6 5. Nf3 Bg4 6. Be2 e6 7. Na3 cxd4 8.
Nb5 Qd8 9. Qa4 Nc6 10. Nbxd4 Qa5 11. Qxa5 Nxa5 12. Bb5+ Kd8 13. Ne5 Bh5 14. b4
Nc6 15. Nexc6+ bxc6 16. Nxc6+ Kc7 17. Nd4 Rd8 18. Bf4+ Bd6 19. Bxd6+ Rxd6 20.
Be2 Bxe2 21. Kxe2 Kb7 22. Rhc1 Rc8 23. Nb3 Nd5 24. Nc5+ Ka8 25. g3 Rcd8 26. a3
f5 27. Nb3 e5 28. c4 Nf6 29. Rd1 Ne4 30. Rxd6 Rxd6 31. Rc1 g5 32. f3 Rh6 33.
fxe4 Rxh2+ 34. Kd3 f4 35. gxf4 Rh3+ 36. Kc2 exf4 37. Rg1 h6 38. Nd2 Rxa3 39.
Rh1 Ra6 40. Kd3 g4 41. Rh4 Ra3+ 42. Ke2 Re3+ 43. Kd1 Rg3 44. Rxh6 f3 45. Rh1
Rg2 46. Rf1 Re2 47. Kc2 Re3 48. Rg1 g3 49. Rxg3 1-0

[Event "Superettan(Majorna-Team Malmo)"]
[Site "?"]
[Date "2010.11.14"]
[Round "2"]
[White "Karle, Max"]
[Black "Abedinov, Adnan"]
[Result "0-1"]
[WhiteElo "2083"]
[BlackElo "2167"]
[PlyCount "164"]
[EventDate "2010.??.??"]
[SourceDate "2010.11.17"]

1. d4 f5 2. Nc3 Nf6 3. Bg5 g6 4. e3 Bg7 5. h4 h6 6. Bxf6 Bxf6 7. Nd5 O-O 8. g4
e6 9. Nxf6+ Qxf6 10. g5 hxg5 11. hxg5 Qxg5 12. Nh3 Qf6 13. Qf3 Nc6 14. O-O-O d5
15. Be2 Rf7 16. Qg3 Rg7 17. Rdg1 Bd7 18. Nf4 Be8 19. Rh6 Rc8 20. Nh5 Qf8 21.
Nxg7 Qxg7 22. Rgh1 Bf7 23. Qh2 Kf8 24. Qh4 Bg8 25. Rg1 Ne7 26. Qg5 Bf7 27. Rh2
c5 28. c3 cxd4 29. exd4 Qxd4 30. Rh4 Qe5 31. Bd1 Ng8 32. Rgh1 d4 33. R1h3 dxc3
34. Rxc3 Rxc3+ 35. bxc3 Qxc3+ 36. Kb1 Nf6 37. Qg3 Qc6 38. Bb3 Ne4 39. Qb8+ Ke7
40. Qxa7 Kf6 41. Qd4+ Ke7 42. Rh8 Qd6 43. Qg7 Qd3+ 44. Kb2 Qd2+ 45. Ka3 Qa5+
46. Kb2 Qd2+ 47. Ka3 Qa5+ 48. Kb2 Nxf2 49. Qd4 Ne4 50. Rb8 Nd6 51. Qh8 Qd2+ 52.
Kb1 Qe1+ 53. Kb2 Qe2+ 54. Kb1 Qe4+ 55. Kb2 Be8 56. Qc3 Qg2+ 57. Kb1 Qc6 58. Qh8
Nf7 59. Qh4+ g5 60. Qb4+ Nd6 61. Qa5 Qd7 62. Qb6 f4 63. Ba4 Qxa4 64. Qd8+ Kf7
65. Qxd6 Qb5+ 66. Ka1 Qc6 67. Qd2 Qh1+ 68. Kb2 Bc6 69. Qd6 Qg2+ 70. Ka3 Qf3+
71. Kb2 Qe2+ 72. Ka3 Qf3+ 73. Kb2 Bd5 74. Qc7+ Kg6 75. Rg8+ Kf5 76. Qh7+ Kg4
77. Qh6 Qe2+ 78. Kc1 Qe3+ 79. Kb2 f3 80. Rh8 Qd2+ 81. Ka3 Qc3+ 82. Ka4 Bc6# 0-1

[Event "Superettan(Majorna-Team Malmo)"]
[Site "?"]
[Date "2010.11.14"]
[Round "2"]
[White "Jonsson, Lennart"]
[Black "Bengtsson, Tage"]
[Result "1-0"]
[WhiteElo "2103"]
[BlackElo "2052"]
[PlyCount "120"]

1. d4 f5 2. Nf3 Nf6 3. e3 g6 4. Bd3 Bg7 5. O-O O-O 6. b3 d6 7. Bb2 Qe8 8. c4
Nbd7 9. Nc3 c6 10. Qe2 e5 11. Bc2 exd4 12. Nxd4 Ne5 13. Rad1 Nf7 14. Rfe1 Bd7
15. Ba1 Rd8 16. f3 Qe7 17. Qf2 Bc8 18. h3 Qc7 19. Kh1 Ng5 20. Qh4 Nh5 21. f4
Ne6 22. Nce2 Nf6 23. Rg1 Nc5 24. Nc3 Rde8 25. Qf2 Rf7 26. Nf3 Rfe7 27. Rge1 h6
28. Nh4 Nfe4 29. Nxe4 Nxe4 30. Bxe4 Rxe4 31. Bxg7 Kxg7 32. Qg3 Qf7 33. Rxd6
R8e6 34. Rd8 Re8 35. Rxe8 Qxe8 36. Qf2 Qd8 37. Nf3 Qd3 38. Ne5 Qc3 39. Qg3 g5
40. Nf3 Kf6 41. fxg5+ hxg5 42. Qxg5+ Kf7 43. Qg3 Re7 44. Qh4 Ke8 45. Qh5+ Kd8
46. Qg5 Bd7 47. Qg8+ Re8 48. Qg5+ Kc8 49. h4 Re4 50. Qg8+ Re8 51. Qg5 Re4 52.
Rd1 Rxe3 53. Qg8+ Be8 54. Qg5 Bd7 55. Qf4 Re4 56. Qd6 Qg7 57. Kg1 Re6 58. Qd4
Qe7 59. Qxa7 Re2 60. Qa8+ Kc7 1-0

[Event "Superettan(Majorna-Team Malmo)"]
[Site "?"]
[Date "2010.11.14"]
[Round "2"]
[White "Fors, Klas"]
[Black "Larsson, Gert"]
[Result "1/2-1/2"]
[WhiteElo "2053"]
[BlackElo "1981"]
[PlyCount "117"]
[EventDate "2010.??.??"]

1. d4 d5 2. c4 dxc4 3. e4 e5 4. Nf3 exd4 5. Bxc4 Bb4+ 6. Nbd2 Nc6 7. O-O Nf6 8.
e5 Nd5 9. Nb3 Nb6 10. Bb5 O-O 11. Bg5 Be7 12. Bf4 Qd5 13. Bxc6 Qxc6 14. Nbxd4
Qe4 15. Bg3 c6 16. Re1 Qd5 17. Qc2 Bg4 18. b3 Rad8 19. h3 Bxf3 20. Nxf3 Qd3 21.
Qb2 Nd5 22. Rac1 Nc7 23. Kh2 Ne6 24. Rc4 c5 25. Re3 Qd5 26. Rg4 h5 27. Ra4 a6
28. Rc4 b5 29. Rc2 Nd4 30. Nxd4 cxd4 31. Re1 h4 32. Bf4 Bb4 33. Bd2 Bc5 34. Qc1
Ba7 35. Bg5 Rde8 36. Bxh4 Rxe5 37. Rxe5 Qxe5+ 38. Bg3 Qf5 39. Rd2 Rc8 40. Qd1
Rc6 41. Qe2 Re6 42. Qd1 Qd5 43. Qc2 Rc6 44. Qd3 Rc8 45. h4 Rd8 46. Rc2 Bb6 47.
Re2 Qh5 48. Re5 Qh6 49. h5 Bc7 50. Rf5 Bxg3+ 51. fxg3 Qe3 52. Qc2 d3 53. Qc7
Rf8 54. Qd7 d2 55. Rd5 Qh6 56. g4 Qf4+ 57. Kh3 f5 58. Qe6+ Kh8 59. gxf5 1/2-1/2

[Event "Superettan(Rodeby-Lulea)"]
[Site "?"]
[Date "2010.12.04"]
[Round "3"]
[White "Astrom, Robert"]
[Black "Greiff, Hakan"]
[Result "1-0"]
[WhiteElo "2503"]
[BlackElo "2276"]
[PlyCount "110"]
[SourceDate "2010.12.29"]

1. d4 d5 2. c4 e6 3. Nf3 Nf6 4. Nc3 Be7 5. Bf4 O-O 6. e3 c5 7. dxc5 Bxc5 8. Qc2
Nc6 9. a3 d4 10. O-O-O dxc3 11. Rxd8 cxb2+ 12. Kxb2 Rxd8 13. Bd3 Bd7 14. Rd1
Be8 15. h3 Rac8 16. g4 Kf8 17. g5 Nh5 18. Bh2 Ne7 19. Be2 g6 20. Ne5 Nf5 21.
Qc3 Nhg7 22. Ng4 Rxd1 23. Bxd1 Rc6 24. Nf6 Rb6+ 25. Kc1 h5 26. gxh6 Nxh6 27.
Nh7+ Kg8 28. Nf6+ Kf8 29. Qa5 Be7 30. Nxe8 Nxe8 31. Qxa7 Ra6 32. Qxb7 Rxa3 33.
Be5 Nf5 34. Bb2 Ra5 35. Be2 Nfd6 36. Qb6 Ra8 37. c5 Rc8 38. Ba6 Rc7 39. Be5 f6
40. Bh2 e5 41. c6 Nc8 42. Bxc8 Rxc8 43. f4 Bd6 44. fxe5 fxe5 45. Qb7 Rc7 46.
Qb5 Re7 47. Bg3 Re6 48. Be1 Kf7 49. Ba5 Bc7 50. Bb4 e4 51. Kb1 Be5 52. Qd5 Nf6
53. Qd8 Ne8 54. Qd7+ Kf6 55. Ba5 Re7 1-0

[Event "Superettan(Rodeby-Lulea)"]
[Site "?"]
[Date "2010.12.04"]
[Round "3"]
[White "Ostling, Hakan"]
[Black "Larsson, Anders"]
[Result "1-0"]
[WhiteElo "2273"]
[BlackElo "2366"]
[PlyCount "63"]

1. f4 d6 2. Nc3 Bg4 3. h3 Bd7 4. Nf3 g6 5. e4 Bg7 6. d4 e6 7. Bc4 Ne7 8. O-O
O-O 9. g4 Nbc6 10. Be3 d5 11. exd5 exd5 12. Bd3 Re8 13. Qd2 Nb4 14. Be2 c6 15.
Nd1 Na6 16. Bd3 Qc7 17. c3 c5 18. Bxa6 cxd4 19. Bxd4 bxa6 20. Bxg7 Kxg7 21.
Qd4+ Kg8 22. Nf2 Rab8 23. b3 Bb5 24. Rfe1 Nc6 25. Qd2 a5 26. Kg2 d4 27. Ne4
Rxe4 28. Rxe4 dxc3 29. Qxc3 Qb7 30. Rae1 Nb4 31. Re7 Qa6 32. Rxf7 1-0

[Event "Superettan(Rodeby-Lulea)"]
[Site "?"]
[Date "2010.12.04"]
[Round "3"]
[White "Marklund, Niklas"]
[Black "Laksman, Efraim"]
[Result "1/2-1/2"]
[WhiteElo "2231"]
[BlackElo "2241"]
[PlyCount "58"]

1. d4 Nf6 2. c4 g6 3. Nc3 Bg7 4. e4 d6 5. Be2 O-O 6. Nf3 e5 7. O-O Nc6 8. Be3
Ng4 9. Bg5 f6 10. Bc1 f5 11. d5 Ne7 12. Ng5 Nf6 13. Bf3 Re8 14. b4 h6 15. Ne6
Bxe6 16. dxe6 Qc8 17. Qd3 Qxe6 18. exf5 Qxf5 19. Qxf5 gxf5 20. Bxb7 Rab8 21.
Ba6 c6 22. b5 e4 23. bxc6 Nxc6 24. Ba3 Red8 25. Rad1 Ng4 26. Nd5 Nd4 27. h3 e3
28. fxe3 Ne2+ 29. Kh1 Ng3+ 1/2-1/2

[Event "Superettan(Rodeby-Lulea)"]
[Site "?"]
[Date "2010.12.04"]
[Round "3"]
[White "Wahlbom, Magnus"]
[Black "Engstrom, Kaj"]
[Result "0-1"]
[WhiteElo "2268"]
[BlackElo "2261"]
[PlyCount "82"]

1. e4 c5 2. Nf3 e6 3. d4 cxd4 4. Nxd4 a6 5. Nc3 b5 6. Bd3 Bb7 7. O-O Bc5 8. Nb3
Ba7 9. Qe2 b4 10. Nd1 Nf6 11. Be3 d6 12. Bxa7 Rxa7 13. a3 Nc6 14. axb4 Nxb4 15.
Bb5+ Ke7 16. c3 Qb6 17. cxb4 axb5 18. Rxa7 Qxa7 19. e5 dxe5 20. Qxe5 Bd5 21.
Nc5 Qb8 22. Qe3 Rd8 23. Nc3 Bc6 24. Qe2 Rd4 25. h3 Qf4 26. Nd3 Qg5 27. f4 Qxg2+
28. Qxg2 Bxg2 29. Kxg2 Rxd3 30. Nxb5 Rb3 31. Rf2 Rxb4 32. Nc3 Nd7 33. Kf3 Nb6
34. Rc2 Nc4 35. Nd1 f5 36. Ke2 Kf6 37. Kd3 Nb6 38. Ne3 Rxf4 39. Rc6 Rb4 40. Kc3
Re4 41. Kd3 Nd7 0-1

[Event "Superettan(Rodeby-Lulea)"]
[Site "?"]
[Date "2010.12.04"]
[Round "3"]
[White "Radovic, Stefan"]
[Black "Bernhardsson, Sten"]
[Result "1/2-1/2"]
[WhiteElo "2202"]
[BlackElo "2073"]
[PlyCount "44"]

1. Nf3 d5 2. d4 Nf6 3. c4 e6 4. Nc3 Be7 5. Bg5 O-O 6. e3 Nbd7 7. Rc1 a6 8. Bd3
dxc4 9. Bxc4 b5 10. Bd3 Bb7 11. O-O c5 12. Qe2 cxd4 13. exd4 Nb6 14. Rfd1 Nfd5
15. Be3 Rc8 16. Ne4 Rxc1 17. Bxc1 Qc7 18. Ne5 f6 19. Nf3 Nf4 20. Bxf4 Qxf4 21.
Qe3 Qxe3 22. fxe3 Rc8 1/2-1/2

[Event "Superettan(Rodeby-Lulea)"]
[Site "?"]
[Date "2010.12.04"]
[Round "3"]
[White "Persson, Jan"]
[Black "Pettersson, Tobias"]
[Result "1/2-1/2"]
[WhiteElo "2154"]
[BlackElo "2063"]
[PlyCount "47"]

1. c4 g6 2. Nc3 Bg7 3. g3 d6 4. Bg2 Nc6 5. d3 e5 6. Bd2 Nh6 7. Qc1 Nf5 8. Rb1
a5 9. a3 O-O 10. b4 axb4 11. axb4 Nfd4 12. b5 Ne7 13. Nf3 Ne6 14. O-O Nf5 15.
Re1 Nc5 16. Ng5 Nd4 17. Qd1 Bg4 18. h3 Bf5 19. Nge4 Nde6 20. Kh2 Bxe4 21. Nxe4
Nxe4 22. Bxe4 Nc5 23. Bg2 Ra2 24. Bb4 1/2-1/2

[Event "Superettan(Rodeby-Lulea)"]
[Site "?"]
[Date "2010.12.04"]
[Round "3"]
[White "Dedorsson, Tomas"]
[Black "Dolgov, Mikhail"]
[Result "0-1"]
[WhiteElo "2080"]
[BlackElo "1991"]
[PlyCount "81"]

1. d4 f5 2. Nf3 Nf6 3. c4 e6 4. Nc3 Bb4 5. Qc2 Ne4 6. a3 Bxc3+ 7. bxc3 c5 8. e3
b6 9. Bd3 Bb7 10. O-O O-O 11. Nd2 Qh4 12. f3 Nxd2 13. Bxd2 Nc6 14. Be1 Qe7 15.
Bf2 d6 16. e4 f4 17. e5 dxe5 18. Bxh7+ Kh8 19. dxc5 Na5 20. Rfe1 Nxc4 21. Bd3
Ne3 22. Bxe3 fxe3 23. Rxe3 Qxc5 24. Qf2 Rf4 25. Rae1 Rd8 26. Bg6 e4 27. Qg3 Qe5
28. Qh3+ Kg8 29. fxe4 Qf6 30. Qh7+ Kf8 31. e5 Qh4 32. Qxh4 Rxh4 33. Rf1+ Kg8
34. Bf7+ Kh8 35. Bxe6 Rd2 36. Rf2 Rd1+ 37. Rf1 Rd2 38. Rf8+ Kh7 39. Bh3 Bc6 40.
Re1 Re4 41. Bf5+ 0-1

[Event "Superettan(Rodeby-Lulea)"]
[Site "?"]
[Date "2010.12.04"]
[Round "3"]
[White "Eriksson, Bengt"]
[Black "Pousette, Gunnar"]
[Result "1/2-1/2"]
[WhiteElo "2021"]
[BlackElo "2032"]
[PlyCount "48"]

1. d4 Nf6 2. Bg5 e6 3. e4 Be7 4. e5 Nd5 5. Bxe7 Qxe7 6. c4 Nb6 7. Nf3 d6 8. Bd3
N8d7 9. Qe2 dxe5 10. dxe5 Qb4+ 11. Nc3 Nc5 12. O-O Nxd3 13. Qxd3 Qxc4 14. Qxc4
Nxc4 15. Nb5 O-O 16. Nxc7 Rb8 17. b3 Nb6 18. Nb5 Bd7 19. Nc3 Rbc8 20. Rac1 Rc7
21. Ne2 Rfc8 22. Nfd4 Nd5 23. Rxc7 Rxc7 24. Rc1 Rxc1+ 1/2-1/2

[Event "Superettan(Burgsvik-Rockaden,Umea)"]
[Site "?"]
[Date "2010.12.04"]
[Round "3"]
[White "Forsberg, Viktor"]
[Black "Fries Nielsen, Jens Ove"]
[Result "0-1"]
[WhiteElo "2359"]
[BlackElo "2393"]
[PlyCount "96"]

1. e4 d5 2. exd5 Qxd5 3. Nc3 Qd6 4. d4 Nf6 5. Nf3 Bg4 6. h3 Bh5 7. g4 Bg6 8.
Ne5 Nbd7 9. Nb5 Qb6 10. Nc4 Qe6+ 11. Ne3 O-O-O 12. Bc4 Qb6 13. a4 Ne5 14. Be2
Ne4 15. O-O a6 16. dxe5 Rxd1 17. Rxd1 e6 18. Nd4 Qc5 19. Nc4 Qe7 20. Be3 Qh4
21. Kg2 Bc5 22. Nf3 Qe7 23. c3 Bxe3 24. Nxe3 h5 25. Rd4 hxg4 26. hxg4 Nc5 27.
Rad1 Be4 28. Kf1 Bc6 29. a5 Nd7 30. Nc4 Rh3 31. R1d3 Rh1+ 32. Ng1 Qh4 33. Rg3
g5 34. b4 Qh8 35. Bf3 Bxf3 36. Rxf3 Qh2 37. Rg3 Qh7 38. Rgd3 Qh2 39. Rg3 Nf8
40. Nd2 Ng6 41. Ndf3 Qh6 42. Ne1 Nxe5 43. Re3 Qh2 44. Rg3 Qh7 45. Re3 f6 46.
Nd3 Qh2 47. Rg3 Rxg1+ 48. Rxg1 Qh3+ 0-1

[Event "Superettan(Burgsvik-Rockaden,Umea)"]
[Site "?"]
[Date "2010.12.04"]
[Round "3"]
[White "Berg, Emanuel"]
[Black "Malmstig, Erik"]
[Result "1-0"]
[WhiteElo "2680"]
[BlackElo "2310"]
[PlyCount "59"]

1. e4 e5 2. Nf3 Nc6 3. Bb5 a6 4. Ba4 Nf6 5. O-O b5 6. Bb3 Bc5 7. c3 d6 8. a4
Bg4 9. h3 Bh5 10. d3 Rb8 11. Re1 Qd7 12. axb5 axb5 13. Bg5 h6 14. Bxf6 gxf6 15.
Nbd2 Rg8 16. Kf1 Ne7 17. Nxe5 dxe5 18. Qxh5 Qxd3+ 19. Re2 Ng6 20. g3 Rg7 21.
Rd1 Qd7 22. Nf3 Qc8 23. Nh2 Bf8 24. Ng4 Rb6 25. Red2 Be7 26. Nxh6 Bd6 27. Bxf7+
Rxf7 28. Qxg6 Qxh3+ 29. Ke2 Qe6 30. Rh1 1-0

[Event "Superettan(Burgsvik-Rockaden,Umea)"]
[Site "?"]
[Date "2010.12.04"]
[Round "3"]
[White "Wickstrom, Lucas"]
[Black "Fries Nielsen, Niels J"]
[Result "1/2-1/2"]
[WhiteElo "2301"]
[BlackElo "2403"]
[PlyCount "150"]
[EventDate "2010.??.??"]

1. d4 Nf6 2. c4 c5 3. d5 b5 4. cxb5 a6 5. bxa6 Bxa6 6. Nc3 d6 7. Nf3 g6 8. g3
Bg7 9. Bg2 O-O 10. O-O Nbd7 11. Rb1 Qa5 12. Bd2 Qc7 13. b3 Nb6 14. Nh4 Qb7 15.
a4 Rab8 16. Re1 Rfe8 17. Bc1 Nfd7 18. Bb2 Na8 19. Ba1 Nc7 20. Qd2 Qb4 21. Nf3
Qa3 22. Qc2 Rb7 23. Nd2 Reb8 24. Na2 Nb6 25. Bxg7 Kxg7 26. Ra1 c4 27. Qc3+ f6
28. bxc4 Qxc3 29. Nxc3 Nxc4 30. Nxc4 Bxc4 31. e4 Na6 32. Rab1 Rb3 33. Rxb3 Rxb3
34. Nb5 Bxb5 35. axb5 Rxb5 36. Bf1 Ra5 37. Bxa6 Rxa6 38. Rb1 Ra4 39. f3 Ra2 40.
Rf1 Rd2 41. Rf2 Rd1+ 42. Kg2 f5 43. Re2 Kf7 44. h4 h5 45. Ra2 Kf6 46. Kf2 Rd3
47. Ra7 Rb3 48. Rc7 Rb2+ 49. Ke3 Rg2 50. Kf4 Rd2 51. Ra7 Rb2 52. Rc7 Rb4 53.
Ra7 e5+ 54. dxe6 fxe4 55. e7 exf3+ 56. Kxf3 Rb8 57. Kf4 Re8 58. Ra6 Kxe7 59.
Kg5 Rg8 60. Kh6 Ke6 61. Kh7 Rd8 62. Kxg6 Rg8+ 63. Kxh5 Rxg3 64. Kh6 Ke5 65. h5
d5 66. Rg6 Rh3 67. Rg5+ Ke4 68. Kg7 d4 69. h6 d3 70. h7 d2 71. Rg1 Ke3 72. h8=Q
Rxh8 73. Kxh8 Ke2 74. Rg2+ Ke3 75. Rxd2 Kxd2 1/2-1/2

[Event "Superettan(Burgsvik-Rockaden,Umea)"]
[Site "?"]
[Date "2010.12.04"]
[Round "3"]
[White "Andersson, Bjorn"]
[Black "Engman, Rickard"]
[Result "1-0"]
[WhiteElo "2304"]
[BlackElo "2241"]
[PlyCount "79"]

1. e4 e5 2. Nf3 Nc6 3. Bb5 a6 4. Ba4 Nf6 5. Qe2 b5 6. Bb3 Bc5 7. c3 O-O 8. d3
d6 9. Bg5 Be6 10. Bd5 Bxd5 11. exd5 Ne7 12. c4 Ng6 13. O-O h6 14. Be3 Bxe3 15.
fxe3 bxc4 16. dxc4 Ne4 17. Nbd2 Nxd2 18. Nxd2 Qg5 19. Rf3 Qh5 20. Qf2 f5 21.
Rf1 Nh4 22. Rh3 g5 23. Nf3 Nxf3+ 24. Rxf3 f4 25. exf4 Rxf4 26. Qe2 Rxf3 27.
Rxf3 Qg6 28. Qf1 Qg7 29. Rf6 Rf8 30. Rf5 Rxf5 31. Qxf5 Qf7 32. Qxf7+ Kxf7 33.
b4 Ke7 34. Kf2 Kd7 35. Ke3 Kc8 36. Ke4 a5 37. b5 Kb7 38. c5 a4 39. b6 dxc5 40.
bxc7 1-0

[Event "Superettan(Burgsvik-Rockaden,Umea)"]
[Site "?"]
[Date "2010.12.04"]
[Round "3"]
[White "Akerman, Axel"]
[Black "Lindgren, Fredrik"]
[Result "1-0"]
[WhiteElo "2128"]
[BlackElo "2246"]
[PlyCount "71"]

1. e4 e5 2. Nf3 Nc6 3. Bb5 a6 4. Ba4 Nf6 5. Qe2 b5 6. Bb3 Bc5 7. d3 d6 8. c3
Be6 9. Bc2 h6 10. Nbd2 O-O 11. O-O Bb6 12. Nb3 Nd7 13. Be3 f5 14. Bxb6 Nxb6 15.
Nbd2 fxe4 16. dxe4 Qf6 17. a4 b4 18. a5 Nd7 19. Ba4 Ne7 20. cxb4 Ng6 21. g3
Rfb8 22. Bc6 Ra7 23. Qe3 Rab7 24. Bxb7 Rxb7 25. Qc3 Qf7 26. Rac1 Nb8 27. Ne1
Kh7 28. Ng2 Bh3 29. f3 Be6 30. Rf2 Qd7 31. f4 Bf7 32. Rff1 Bg8 33. f5 Ne7 34.
Nh4 Qb5 35. Qf3 Qxb4 36. Qh5 1-0

[Event "Superettan(Burgsvik-Rockaden,Umea)"]
[Site "?"]
[Date "2010.12.04"]
[Round "3"]
[White "Nygren, David"]
[Black "Linusson, Pelle"]
[Result "1-0"]
[WhiteElo "2123"]
[BlackElo "2135"]
[PlyCount "97"]

1. d4 Nf6 2. g3 c5 3. c3 e6 4. Bg2 Nc6 5. e4 cxd4 6. cxd4 d5 7. e5 Nd7 8. Ne2
f6 9. Nf4 Bb4+ 10. Nc3 Qe7 11. exf6 Nxf6 12. O-O O-O 13. Be3 Rd8 14. a3 Bxc3
15. bxc3 Na5 16. Re1 Nc4 17. a4 b6 18. Nd3 Bb7 19. Bg5 h6 20. Bxf6 Qxf6 21. Qe2
Kf7 22. Qh5+ Kg8 23. Bh3 Re8 24. Ne5 Nxe5 25. Rxe5 Qf7 26. Qe2 Bc8 27. Re1 Bd7
28. Qa6 Re7 29. f4 Bc8 30. Qe2 Rc7 31. Rxe6 Rxc3 32. Qe5 Bd7 33. Re7 Qxe7 34.
Qxe7 Bxh3 35. Qb7 Rac8 36. Qxd5+ Kh8 37. Qh5 Bd7 38. Qf7 Bxa4 39. Re7 Rg8 40.
Rxa7 Bb3 41. Qe7 Rc2 42. f5 Rc6 43. Rd7 Bc2 44. g4 Rf6 45. Rd6 Rxd6 46. Qxd6 b5
47. Qc5 Bd3 48. d5 Rd8 49. d6 1-0

[Event "Superettan(Burgsvik-Rockaden,Umea)"]
[Site "?"]
[Date "2010.12.04"]
[Round "3"]
[White "Scheid, Adam"]
[Black "Larsson, Johan"]
[Result "1/2-1/2"]
[WhiteElo "1962"]
[BlackElo "2132"]
[PlyCount "89"]

1. d4 e6 2. c4 f5 3. Nc3 Nf6 4. Nf3 Be7 5. g3 O-O 6. Bg2 d6 7. O-O Qe8 8. Re1
Qg6 9. Bg5 Nbd7 10. e4 fxe4 11. Nxe4 h6 12. Bh4 Qf5 13. Bxf6 Bxf6 14. Qd3 Be7
15. Rad1 a5 16. Nc3 Qh5 17. Rxe6 Nc5 18. Qg6 Qxg6 19. Rxg6 Bf5 20. Nd5 Bd8 21.
dxc5 Bxg6 22. cxd6 cxd6 23. Nf4 Be4 24. Nd4 Bxg2 25. Kxg2 Bf6 26. Nde6 Rfc8 27.
Nd5 Ra6 28. b3 Kf7 29. Re1 a4 30. Nec7 Rc6 31. Nb5 axb3 32. axb3 Re8 33. Rd1
Re2 34. Nf4 Rb2 35. Nxd6+ Kg8 36. Nxb7 Rc7 37. Na5 Ra7 38. Rd5 Bc3 39. Nd3 Rd2
40. b4 Rc7 41. Nb3 Rd1 42. Nbc5 Rb1 43. b5 Bf6 44. h4 Be7 45. Re5 1/2-1/2

[Event "Superettan(Horndal-Team Malmo)"]
[Site "?"]
[Date "2010.12.04"]
[Round "3"]
[White "Nilsson, Anders"]
[Black "Olsson, Krister"]
[Result "1-0"]
[WhiteElo "2284"]
[BlackElo "2300"]
[PlyCount "85"]

1. d4 Nf6 2. c4 c5 3. d5 b5 4. cxb5 a6 5. Nc3 axb5 6. e4 Qa5 7. e5 Ne4 8. Bd2
Nxd2 9. Qxd2 b4 10. Ne4 d6 11. Nf3 Bf5 12. Bd3 Bxe4 13. Bxe4 b3 14. a3 g6 15.
Qxa5 Rxa5 16. exd6 exd6 17. Nd2 Bg7 18. Nc4 Ra4 19. Bd3 O-O 20. Kd2 Nd7 21.
Rad1 Ne5 22. Nxe5 Bxe5 23. Bb5 Rg4 24. g3 Bxb2 25. f4 g5 26. Be2 f5 27. Rb1
Bxa3 28. Bxg4 fxg4 29. Rxb3 Bb4+ 30. Ke3 gxf4+ 31. gxf4 Kf7 32. h3 h5 33. hxg4
hxg4 34. Rg1 Rg8 35. Ke4 Kf6 36. Rbg3 c4 37. Rxg4 Re8+ 38. Kf3 Bc5 39. Rg6+ Kf7
40. Rg7+ Kf6 41. R1g6+ Kf5 42. Rg5+ Kf6 43. Kg4 1-0

[Event "Superettan(Horndal-Team Malmo)"]
[Site "?"]
[Date "2010.12.04"]
[Round "3"]
[White "Vaarala, Eric"]
[Black "Johansson, Thomas"]
[Result "1-0"]
[WhiteElo "2250"]
[BlackElo "2255"]
[PlyCount "63"]

1. e4 Nf6 2. e5 Nd5 3. d4 d6 4. Nf3 Nb6 5. exd6 cxd6 6. c4 g6 7. Nc3 Bg7 8. Be3
O-O 9. Qd2 Bg4 10. Be2 Bxf3 11. gxf3 Nc6 12. h4 h5 13. d5 Ne5 14. b3 Qc8 15. f4
Ng4 16. Bd4 Bh6 17. Ne4 f6 18. Qd3 Bxf4 19. f3 Ne5 20. Bxe5 dxe5 21. Nd6 Bg3+
22. Kd1 e4 23. Nxe4 Qc7 24. Kc2 f5 25. Nxg3 Qxg3 26. Rag1 Qe5 27. Rxg6+ Kf7 28.
f4 Nxd5 29. cxd5 Qc7+ 30. Rc6 bxc6 31. Qxf5+ Ke8 32. Bxh5+ 1-0